Applying UML and Patterns : An Introduction to Object-Oriented Analysis and Design and Iterative Development

Salvato in:
Dettagli Bibliografici
Autore principale: Larman, Craig (Autore)
Natura: Libro
Lingua:inglese
Pubblicazione: Upper Saddle River : Prentice Hall PTR, 2005
Edizione:3. vyd.
Soggetti:
Tags: Aggiungi Tag
Nessun Tag, puoi essere il primo ad aggiungerne!!

MARC

LEADER 00000nam a22000003a 4500
001 stu153967
005 20150617225944.6
008 071211s2005----xxu-----------------eng-d
020 |a 0-13-148906-2 
040 |a STU  |b slo 
041 0 |a eng 
044 |a xxu 
100 1 |a Larman, Craig  |4 aut 
245 1 |a Applying UML and Patterns :  |b An Introduction to Object-Oriented Analysis and Design and Iterative Development 
250 |a 3. vyd. 
260 |a Upper Saddle River :  |b Prentice Hall PTR,  |c 2005 
300 |a 703 s 
650 7 |a objektovo orientované metódy  |2 stusub 
650 7 |a UML  |2 stusub 
650 7 |a návrh systému  |2 stusub 
650 7 |a počítačová veda  |2 stusub 
996 |b 284IK06307  |c I*21NV5888  |l II680  |s A  |a 24  |w stu153967_0001